|
|
|
|
| LEADER |
02739nam a2200685 4500 |
| 001 |
ocn908935498 |
| 003 |
OCoLC |
| 005 |
20170124071504.2 |
| 006 |
m o d |
| 007 |
cr ||||||||||| |
| 008 |
150512s2015 nju ob 001 0 eng |
| 010 |
|
|
|a 2015019010
|
| 040 |
|
|
|a DLC
|b eng
|e rda
|c DLC
|d YDX
|d N$T
|d YDXCP
|d IDEBK
|d DG1
|d OCLCF
|d CDX
|d COO
|d EBLCP
|d DEBSZ
|d OCLCQ
|d DEBBG
|d CCO
|d GrThAP
|
| 020 |
|
|
|a 9781118735794 (pdf)
|
| 020 |
|
|
|a 111873579X (pdf)
|
| 020 |
|
|
|a 9781118735725 (epub)
|
| 020 |
|
|
|a 1118735722 (epub)
|
| 020 |
|
|
|z 9781118735787 (cloth)
|
| 020 |
|
|
|a 9781118735855
|
| 020 |
|
|
|a 1118735854
|
| 020 |
|
|
|a 1118735781
|
| 020 |
|
|
|a 9781118735787
|
| 029 |
1 |
|
|a AU@
|b 000054813757
|
| 029 |
1 |
|
|a DEBSZ
|b 449487288
|
| 029 |
1 |
|
|a GBVCP
|b 835763552
|
| 029 |
1 |
|
|a DEBBG
|b BV043397791
|
| 035 |
|
|
|a (OCoLC)908935498
|
| 042 |
|
|
|a pcc
|
| 050 |
0 |
0 |
|a QA276.6
|
| 072 |
|
7 |
|a MAT
|x 003000
|2 bisacsh
|
| 072 |
|
7 |
|a MAT
|x 029000
|2 bisacsh
|
| 082 |
0 |
0 |
|a 519.5/2
|2 23
|
| 049 |
|
|
|a MAIN
|
| 100 |
1 |
|
|a Rao, J. N. K.,
|d 1937-
|e author.
|
| 245 |
1 |
0 |
|a Small area estimation /
|c J.N.K. Rao and Isabel Molina.
|
| 250 |
|
|
|a Second edition.
|
| 264 |
|
1 |
|a Hoboken, New Jersey :
|b John Wiley & Sons, Inc.,
|c 2015.
|
| 300 |
|
|
|a 1 online resource.
|
| 336 |
|
|
|a text
|2 rdacontent
|
| 337 |
|
|
|a computer
|2 rdamedia
|
| 338 |
|
|
|a online resource
|2 rdacarrier
|
| 490 |
1 |
|
|a Wiley series in survey methodology
|
| 504 |
|
|
|a Includes bibliographical references and index.
|
| 505 |
0 |
|
|a Direct domain estimation -- Indirect domain estimation -- Small area models -- Empirical best linear unbiased prediction : theory -- EBLUP : basic area level model -- Basic unit level model -- EBLUP : extensions -- Empirical Bayes (EB) method -- Hierarchical Bayes (HB) method.
|
| 588 |
|
|
|a Description based on print version record and CIP data provided by publisher.
|
| 650 |
|
0 |
|a Small area statistics.
|
| 650 |
|
0 |
|a Sampling (Statistics)
|
| 650 |
|
0 |
|a Estimation theory.
|
| 650 |
|
7 |
|a MATHEMATICS / Applied
|2 bisacsh
|
| 650 |
|
7 |
|a MATHEMATICS / Probability & Statistics / General
|2 bisacsh
|
| 650 |
|
7 |
|a Estimation theory.
|2 fast
|0 (OCoLC)fst00915531
|
| 650 |
|
7 |
|a Sampling (Statistics)
|2 fast
|0 (OCoLC)fst01104676
|
| 650 |
|
7 |
|a Small area statistics.
|2 fast
|0 (OCoLC)fst01121215
|
| 655 |
|
4 |
|a Electronic books.
|
| 655 |
|
0 |
|a Electronic books.
|
| 700 |
1 |
|
|a Molina, Isabel,
|d 1975-
|e author.
|
| 776 |
0 |
8 |
|i Print version:
|a Rao, J. N. K., 1937- author.
|t Small area estimation
|b Second edition.
|d Hoboken, New Jersey : John Wiley & Sons, Inc., 2015
|z 9781118735787
|w (DLC) 2015012610
|
| 830 |
|
0 |
|a Wiley series in survey methodology.
|
| 856 |
4 |
0 |
|u https://doi.org/10.1002/9781118735855
|z Full Text via HEAL-Link
|
| 994 |
|
|
|a 92
|b DG1
|